Statistics for Yakuza 0 Quiz

Click here to take the quiz!

General Stats

  • This quiz has been taken 241 times
  • The average score is 17 of 32

Answer Stats

HintAnswer% Correct
The Second Protagonist Yakuza 0?Goro Majima
100%
The First Protagonist of Yakuza 0?Kazuma Kiryu
100%
Lieutenant of the Dojima FamilyDaisaku Kuze
91%
Lieutenant of the Dojima FamilyHiroki Awano
83%
Who is Goro Majima's Sworn Brother?Taiga Saejima
80%
Who is Kazuma Kiryu's Sworn Brother?Akira Nishikiyama
79%
Lieutenant of the Dojima FamilyKeiji Shibusawa
77%
Captain of the Dojima FamilyShintaro Kazama
76%
How many people did Taiga Saejima kill before going to prison?18
75%
Captain of the Kazama FamilyOsamu Kashiwagi
70%
Who is Sohei Dojima's son?Daigo Dojima
68%
What's Kazuma Kiryu's First Style?Brawler
66%
What's Goro Majima's First Style?Thug
64%
Who adopted Kazuma Kiryu?Shintaro Kazama
63%
What's Kazuma Kiryu's Second Style?Rush
59%
What's Kazuma Kiryu's Legend Style?Dragon of Dojima
57%
What's Goro Majima's Second Style?Slugger
51%
How many people did Taiga Saejima shoot before going to prison?20
49%
Who is Tetsu Tachibana's sister?Makoto Makimura
49%
What style's fight theme is "One Eyed Assassin"?Thug
30%
[CLIMAX BATTLES] How many proving grounds battles are there?10
29%
What style's fight theme is "One Eyed Dancer"Breaker
29%
[CLIMAX BATTLES] How many melee battles are there?10
28%
What style's fight theme is "Crash Addiction"?Beast
28%
What style's fight theme is "Parry Addiction"?Rush
28%
[CLIMAX BATTLES] How many millionaire battles are there?6
27%
[CLIMAX BATTLES] How many ultimate battles are there?6
27%
What style's fight theme is "Force Addiction"?Brawler
26%
What weapon does Daisaku Kuze use in the second fight against him?Metal Pipe
23%
What style's fight theme is "Receive You The Subtype"?Mad Dog of Shimano
21%
What's Daisaku Kuze's Fight Theme?Pledge of Demon
18%
What's Mr Shakedown's Fight Theme?Get Them
11%

Score Distribution

Percentile by Number Answered

Percent of People with Each Score

Your Score History

You have not taken this quiz